000 00697cam a2200181K 4500
082 0 4 _a624.37
_bBIR
_cL-19, P-16
100 1 _aBird, Harold Hughes.
_943421
245 1 4 _aThe practical design of plate girder bridges
_cby Harold Hughes Bird, with 2 plates and 144 diagrams.
260 _aLondon,
_bC. Griffin;
_aPhiladelphia,
_bLippincott,
_c1920.
300 _a1 online resource (viii, 180 p.)
_billus.
526 _a0
_b0
_c0
_d624_370000000000000_BIR
526 _a0
_b0
_c0
_d624_370000000000000_BIR
650 0 _aBridges
_xDesign and construction.
_9801
650 0 _aGirders.
_925190
650 0 _aMCE
_9379
856 4 0 _uhttp://catalog.hathitrust.org/api/volumes/oclc/3822853.html
942 _2ddc
_cBK
999 _c547239
_d547239